Sink source relationship in rubber (Hevea brasiliensis) in different months in the North East Indian climatic conditions (Record no. 68748)

MARC details
000 -LEADER
fixed length control field 00502nam a2200169Ia 4500
100 ## - MAIN ENTRY--AUTHOR NAME
Personal name Dey S K
245 #0 - TITLE STATEMENT
Title Sink source relationship in rubber (Hevea brasiliensis) in different months in the North East Indian climatic conditions
260 ## - PUBLICATION, DISTRIBUTION, ETC. (IMPRINT)
Name of publisher Indian Journal of Plant Physiology
Year of publication 2003
300 ## - PHYSICAL DESCRIPTION
Number of Pages 74-80
650 ## - SUBJECT ADDED ENTRY--TOPICAL TERM
Topical Term Hevea brasiliensis
650 ## - SUBJECT ADDED ENTRY--TOPICAL TERM
Topical Term Saccharides
650 ## - SUBJECT ADDED ENTRY--TOPICAL TERM
Topical Term Sink
650 ## - SUBJECT ADDED ENTRY--TOPICAL TERM
Topical Term Source
650 ## - SUBJECT ADDED ENTRY--TOPICAL TERM
Topical Term Temperature
942 ## - ADDED ENTRY ELEMENTS (KOHA)
Koha item type Journals
Holdings
Withdrawn status Lost status Damaged status Not for loan Home library Current library Shelving location Date acquired Serial Enumeration / chronology Koha item type
      Journals RRII Library RRII Library Plant physiology 17/12/2021 Volume Suppl, Issue Pt.1 Journals